000
00291nam a22001217a 4500
008
260429b |||||||| |||| 00| 0 eng d
082
_a
001357
100
_a
Dutta, Janardhan
245
_a
Raghuvamsha Mahakavya
260
_a
Delhi
_b
Motilal Banarasidass
_c
2017
300
_a
503p
942
_2
ddc
999
_c
1360
_d
1360